000 00578nam a22001577a 4500
082 _a BIT-11 AMJ
100 _aMUHAMMAD FAHAD AMJAD
245 _aCUSTOMER BEHAVIORAL SEGMENTATION AND RECHARGE PREDICTION OF TELECOM COMPANY OF PAKISTAN USING MACHINE LEARNING ALGORITHMS
260 _aISLAMABAD
_bNUST-SEECS
_c2013
300 _aPV.
_eCD NOT INCLUDES
563 _aa
856 _uhttp://10.250.8.41:8080/xmlui/handle/123456789/28785
942 _2ddc
_cTHE
999 _c174357
_d174357